000 00494nam a2200193Ia 4500
008 170918s9999 xx 000 0 und d
020 _a9780439774949
050 _bH252 2005
100 _aHapka, Cathy
245 _aDreamer :
245 _binspired by a true story /
245 _cby Cathy Hapka ; written by John Gatins.
260 _aNew York :
260 _bScholastic,
260 _c2005
300 _a150 pages :
300 _billustrations (some colored) ;
300 _c19cm.
999 _c344274
_d344274